| 000 | 00842nam a22002537a 4500 | ||
|---|---|---|---|
| 001 | 0000002973 | ||
| 003 | PPM | ||
| 005 | 20260428091049.0 | ||
| 008 | 260428b ||||| |||| 00| 0 eng d | ||
| 020 |
_a9839743082 _cRM 25.00 _qHardback |
||
| 035 | _a0000002973 | ||
| 040 |
_bMalay _cPusat Penyelidikan Mineral, Jabatan Mineral Dan Geosains Malaysia _dPPM _eRDA |
||
| 082 | 0 | 0 |
_219 _a362.2959 _bDAD 1992 |
| 245 | 1 | 0 | _aDadah : Apa Anda Perlu Tahu |
| 260 | 1 |
_aKuala Lumpur : _bDelmu (Malaysia) Sdn. Bhd., _c1992 |
|
| 300 | 0 | 0 |
_ax, 244 p.: _bsome colour, illustrations .; _c21 cm |
| 650 | 1 | 0 |
_aDrug abuse _zMalaysia |
| 650 | 1 | 0 |
_aDrug abuse _xPrevention |
| 650 | 1 | 0 |
_aDrug abuse _xSocial aspects |
| 650 | 1 | 0 |
_aDrug abuse counseling _zMalaysia |
| 710 | 2 | _aMajlis Keselamatan Negara | |
| 710 | 2 | _aPasukan Petugas Anti Dadah | |
| 942 |
_2ddc _cBK |
||
| 999 |
_c27233 _d27233 |
||